| 000 | 00486nam a2200181Ia 4500 | ||
|---|---|---|---|
| 001 | 3943 | ||
| 005 | 20260306145720.0 | ||
| 008 | 260306t2011||||xx |||||||||||||| ||spa|| | ||
| 041 | _aESP | ||
| 082 |
_a305.8 _bV19 |
||
| 100 |
_aValdivia, Néstor _eAUT |
||
| 245 | 0 |
_aEl uso de categorías étnico / raciales en censos y encuestas en el Perú: _bbalance y aportes para una discusión |
|
| 260 | _c2011 | ||
| 300 |
_a _c |
||
| 650 | _aGEN | ||
| 654 | _aCHU | ||
| 942 |
_cLIB _dJUS _fJUS _2ddc _n |
||
| 999 |
_c3943 _d3943 |
||